Bharatar sangbidhanik sarkar aru ganatantra (Record no. 9911)

MARC details
000 -LEADER
fixed length control field 00551cam a2200205ua 4500
008 - FIXED-LENGTH DATA ELEMENTS--GENERAL INFORMATION
fixed length control field 190727n ii |||gr||||Z||||||asm
040 ## - CATALOGING SOURCE
Transcribing agency MAIN
041 ## - LANGUAGE CODE
-- asm
082 ## - DEWEY DECIMAL CLASSIFICATION NUMBER
Classification number 320.954
100 ## - MAIN ENTRY--PERSONAL NAME
Personal name Nabin Gohain,
Relator term
245 ## - TITLE STATEMENT
Title Bharatar sangbidhanik sarkar aru ganatantra
Statement of responsibility, etc. By Nabin Gohain
250 ## - EDITION STATEMENT
Edition statement 1st ed.
260 ## - PUBLICATION, DISTRIBUTION, ETC.
Place of publication, distribution, etc. Jorhat:
Name of publisher, distributor, etc. Bidya bhawan,
Date of publication, distribution, etc. 2019.
300 ## - PHYSICAL DESCRIPTION
Extent 425p.
942 ## - ADDED ENTRY ELEMENTS (KOHA)
Koha item type Books
653 ## - INDEX TERM--UNCONTROLLED
Uncontrolled term Political science
653 ## - INDEX TERM--UNCONTROLLED
Uncontrolled term Constitutional government and democrary
653 ## - INDEX TERM--UNCONTROLLED
Uncontrolled term Indian government and politics
Holdings
Withdrawn status Lost status Damaged status Not for loan Home library Current library Shelving location Date acquired Total Checkouts Full call number Barcode Date last seen Date last checked out Copy number Price effective from Koha item type Date due
        Central Library, Naharkatiya College Central Library, Naharkatiya College General Stacks 19/09/2020 12 320.954 | GOH 27967 07/08/2025 22/03/2025 1 19/09/2020 Books  
        Central Library, Naharkatiya College Central Library, Naharkatiya College General Stacks 19/09/2020 16 320.954 | GOH 27968 05/08/2022 05/08/2022 2 19/09/2020 Books 20/08/2022
        Central Library, Naharkatiya College Central Library, Naharkatiya College General Stacks 19/09/2020 12 320.954 | GOH 27969 04/06/2024 01/06/2024 3 19/09/2020 Books  
        Central Library, Naharkatiya College Central Library, Naharkatiya College General Stacks 19/09/2020 12 320.954 | GOH 27970 27/08/2022 27/08/2022 4 19/09/2020 Books 11/09/2022
        Central Library, Naharkatiya College Central Library, Naharkatiya College General Stacks 19/09/2020 23 320.954 | GOH 27971 21/09/2024 19/09/2024 5 19/09/2020 Books  

Naharkatiya College © 2020. All rights reserved.

Powered By